[Event "DEM U16 2024"]
[Site "Willingen GER"]
[Date "2024.05.19"]
[Round "2"]
[White "Helms, Finn"]
[Black "Krüger, Arthur"]
[Result "1-0"]
[Termination "normal"]
[Board "10"]
[WhiteElo "2044"]
[BlackElo "1958"]
[WhiteClock "00:01:43"]
[BlackClock "00:00:48"]
[PlyCount "69"]
[WhiteFideId "16249143"]
[BlackFideId "16244966"]
[EventCountry "GER"]
[EventRounds "9"]
[EventType "swiss"]
[EventDate "2024.05.18"]

1. e4 {[%clk 01:30:59]} e6 {[%clk 01:30:56]} {[%emt 00:00:04]} 2. d4 {[%clk
01:31:19]} {[%emt 00:00:11]} d5 {[%clk 01:31:22]} {[%emt 00:00:03]} 3. Nd2
{[%clk 01:31:24]} {[%emt 00:00:26]} c5 {[%clk 01:31:02]} {[%emt 00:00:50]} 4.
exd5 {[%clk 01:31:29]} {[%emt 00:00:25]} exd5 {[%clk 01:29:57]} {[%emt
00:01:35]} 5. Ngf3 {[%clk 01:29:47]} {[%emt 00:02:12]} Nc6 {[%clk 01:29:34]}
{[%emt 00:00:53]} 6. Bb5 {[%clk 01:26:10]} {[%emt 00:04:07]} Qe7+ {[%clk
01:29:08]} {[%emt 00:00:55]} 7. Be2 {[%clk 01:12:01]} {[%emt 00:14:40]} Qc7
{[%clk 01:29:02]} {[%emt 00:00:35]} 8. dxc5 {[%clk 01:06:16]} {[%emt 00:06:15]}
Bxc5 {[%clk 01:29:13]} {[%emt 00:00:20]} 9. Nb3 {[%clk 01:04:57]} {[%emt
00:01:49]} Bb6 {[%clk 01:27:57]} {[%emt 00:01:46]} 10. Qxd5 {[%clk 00:52:14]}
{[%emt 00:13:13]} Nf6 {[%clk 01:27:02]} {[%emt 00:01:25]} 11. Qc4 {[%clk
00:42:01]} {[%emt 00:10:42]} Be6 {[%clk 01:26:21]} {[%emt 00:01:11]} 12. Qf4
{[%clk 00:35:19]} {[%emt 00:07:13]} Qe7 {[%clk 01:25:25]} {[%emt 00:01:26]} 13.
Nbd4 {[%clk 00:08:05]} {[%emt 00:27:45]} O-O {[%clk 00:06:43]} {[%emt
01:19:10]} 14. O-O {[%emt 00:03:56]} Nd5 {[%clk 00:04:02]} {[%emt 00:03:09]}
15. Nxc6 {[%clk 00:04:18]} {[%emt 00:00:54]} bxc6 {[%emt 00:00:02]} 16. Qe4
{[%clk 00:03:43]} {[%emt 00:01:03]} Nf6 {[%clk 00:00:43]} {[%emt 00:04:18]} 17.
Qe5 {[%clk 00:01:04]} {[%emt 00:03:09]} Bc7 {[%clk 00:00:44]} {[%emt 00:00:29]}
18. Qg5 {[%clk 00:01:15]} {[%emt 00:00:19]} Bd5 {[%clk 00:00:43]} {[%emt
00:00:31]} 19. Be3 {[%clk 00:00:56]} {[%emt 00:00:49]} Qd6 {[%clk 00:00:40]}
{[%emt 00:00:33]} 20. g3 {[%clk 00:00:38]} {[%emt 00:00:48]} Rfe8 {[%clk
00:00:50]} {[%emt 00:00:21]} 21. c4 {[%clk 00:00:38]} {[%emt 00:00:30]} Bxf3
{[%clk 00:00:36]} {[%emt 00:00:44]} 22. Bxf3 {[%clk 00:01:02]} {[%emt
00:00:05]} h6 {[%clk 00:00:38]} {[%emt 00:00:28]} 23. Qc5 {[%clk 00:01:05]}
{[%emt 00:00:26]} Qxc5 {[%clk 00:00:37]} {[%emt 00:00:32]} 24. Bxc5 {[%clk
00:01:34]} {[%emt 00:00:01]} Rab8 {[%clk 00:00:33]} {[%emt 00:00:34]} 25. Bxc6
{[%clk 00:01:37]} {[%emt 00:00:26]} Re6 {[%clk 00:00:40]} {[%emt 00:00:23]} 26.
Bf3 {[%clk 00:01:43]} {[%emt 00:00:23]} Rxb2 {[%clk 00:00:39]} {[%emt
00:00:32]} 27. Bxa7 {[%clk 00:01:33]} {[%emt 00:00:40]} Ra6 {[%clk 00:00:40]}
{[%emt 00:00:28]} 28. Bd4 {[%clk 00:01:43]} {[%emt 00:00:20]} Rbxa2 {[%clk
00:01:08]} {[%emt 00:00:02]} 29. Kg2 {[%clk 00:01:28]} {[%emt 00:00:45]} Nd7
{[%clk 00:00:39]} {[%emt 00:01:00]} 30. Rxa2 {[%clk 00:01:30]} {[%emt
00:00:28]} Rxa2 {[%clk 00:01:06]} {[%emt 00:00:02]} 31. Rc1 {[%clk 00:01:04]}
{[%emt 00:00:56]} Ne5 {[%clk 00:01:01]} {[%emt 00:00:36]} 32. Bd5 {[%clk
00:01:01]} {[%emt 00:00:32]} Nd3 {[%clk 00:00:56]} {[%emt 00:00:35]} 33. Rb1
{[%clk 00:01:02]} {[%emt 00:00:29]} Ba5 {[%clk 00:00:31]} {[%emt 00:00:55]} 34.
Rb8+ {[%clk 00:01:16]} {[%emt 00:00:17]} Kh7 {[%clk 00:00:48]} {[%emt
00:00:13]} 35. Be4+ {[%clk 00:01:43]} {[%emt 00:00:03]} 1-0

[Event "DEM U16 2024"]
[Site "Willingen GER"]
[Date "2024.05.19"]
[Round "2"]
[White "Oldenburg, Max Leonard"]
[Black "Karle, Sam"]
[Result "1/2-1/2"]
[Termination "normal"]
[Board "11"]
[WhiteElo "1753"]
[BlackElo "2070"]
[WhiteClock "00:35:46"]
[BlackClock "00:10:52"]
[PlyCount "124"]
[WhiteFideId "34660348"]
[BlackFideId "16290089"]
[EventCountry "GER"]
[EventRounds "9"]
[EventType "swiss"]
[EventDate "2024.05.18"]

1. d4 {[%clk 01:30:59]} d5 {[%clk 01:30:51]} {[%emt 00:00:09]} 2. c4 {[%clk
01:31:22]} {[%emt 00:00:07]} dxc4 {[%clk 01:31:12]} {[%emt 00:00:09]} 3. e3
{[%clk 01:31:29]} {[%emt 00:00:23]} e5 {[%clk 01:31:29]} {[%emt 00:00:13]} 4.
Nf3 {[%clk 01:30:06]} {[%emt 00:01:52]} exd4 {[%clk 01:31:14]} {[%emt
00:00:45]} 5. Nxd4 {[%clk 01:30:02]} {[%emt 00:00:34]} a6 {[%clk 01:19:29]}
{[%emt 00:12:15]} 6. Bxc4 {[%clk 01:29:11]} {[%emt 00:01:21]} c5 {[%clk
01:15:04]} {[%emt 00:04:54]} 7. Nf3 {[%clk 01:26:17]} {[%emt 00:03:24]} Qxd1+
{[%clk 01:15:25]} {[%emt 00:00:10]} 8. Kxd1 {[%clk 01:26:43]} {[%emt 00:00:04]}
Nc6 {[%clk 01:08:54]} {[%emt 00:07:01]} 9. Nc3 {[%clk 01:23:22]} {[%emt
00:03:51]} Nf6 {[%clk 01:04:38]} {[%emt 00:04:46]} 10. h3 {[%clk 01:18:30]}
{[%emt 00:05:22]} Bf5 {[%clk 01:01:29]} {[%emt 00:03:37]} 11. Ke2 {[%clk
01:14:38]} {[%emt 00:04:24]} Rd8 {[%clk 00:54:42]} {[%emt 00:07:17]} 12. Rd1
{[%clk 01:09:35]} {[%emt 00:05:33]} Rxd1 {[%clk 00:54:39]} {[%emt 00:00:33]}
13. Kxd1 {[%clk 01:06:26]} {[%emt 00:03:39]} b5 {[%clk 00:46:40]} {[%emt
00:08:29]} 14. Bb3 {[%clk 01:02:21]} {[%emt 00:04:36]} Be7 {[%clk 00:42:33]}
{[%emt 00:04:36]} 15. a3 {[%clk 00:50:41]} {[%emt 00:12:10]} O-O {[%clk
00:42:27]} {[%emt 00:00:36]} 16. Bc2 {[%clk 00:49:31]} {[%emt 00:01:40]} Bxc2+
{[%clk 00:32:15]} {[%emt 00:10:43]} 17. Kxc2 {[%clk 00:49:59]} {[%emt
00:00:02]} b4 {[%clk 00:30:03]} {[%emt 00:02:41]} 18. Nd1 {[%clk 00:49:20]}
{[%emt 00:01:08]} a5 {[%clk 00:24:05]} {[%emt 00:06:29]} 19. Bd2 {[%clk
00:45:00]} {[%emt 00:04:49]} Ne4 {[%clk 00:23:05]} {[%emt 00:01:30]} 20. axb4
{[%clk 00:43:00]} {[%emt 00:02:31]} axb4 {[%clk 00:21:26]} {[%emt 00:02:09]}
21. Ra6 {[%clk 00:40:30]} {[%emt 00:03:00]} Rc8 {[%clk 00:21:30]} {[%emt
00:00:25]} 22. b3 {[%clk 00:39:43]} {[%emt 00:01:17]} Bf6 {[%clk 00:20:35]}
{[%emt 00:01:25]} 23. Rb6 {[%clk 00:31:09]} {[%emt 00:09:05]} Kf8 {[%clk
00:18:17]} {[%emt 00:02:48]} 24. Kd3 {[%clk 00:29:03]} {[%emt 00:02:36]} Nd6
{[%clk 00:16:28]} {[%emt 00:02:19]} 25. e4 {[%clk 00:27:08]} {[%emt 00:02:26]}
Bd8 {[%clk 00:15:03]} {[%emt 00:01:55]} 26. Ra6 {[%clk 00:27:06]} {[%emt
00:00:32]} Nb5 {[%clk 00:15:07]} {[%emt 00:00:26]} 27. Be3 {[%clk 00:25:31]}
{[%emt 00:02:04]} Nb8 {[%clk 00:14:48]} {[%emt 00:00:49]} 28. Ra8 {[%clk
00:23:37]} {[%emt 00:02:24]} Be7 {[%clk 00:13:35]} {[%emt 00:01:43]} 29. Bf4
{[%clk 00:21:34]} {[%emt 00:02:33]} Rd8+ {[%clk 00:13:56]} {[%emt 00:00:10]}
30. Ke3 {[%clk 00:19:43]} {[%emt 00:02:21]} Nc6 {[%clk 00:13:16]} {[%emt
00:01:09]} 31. Rxd8+ {[%clk 00:20:07]} {[%emt 00:00:07]} Nxd8 {[%clk 00:12:28]}
{[%emt 00:01:19]} 32. Kd3 {[%emt 00:00:56]} Nc6 {[%clk 00:12:34]} {[%emt
00:00:16]} 33. Be3 {[%clk 00:19:16]} {[%emt 00:01:02]} Ke8 {[%clk 00:08:30]}
{[%emt 00:04:35]} 34. Kc4 {[%clk 00:18:37]} {[%emt 00:01:09]} Na3+ {[%clk
00:07:26]} {[%emt 00:01:35]} 35. Kd5 {[%clk 00:18:21]} {[%emt 00:00:45]} Na5
{[%clk 00:07:02]} {[%emt 00:00:54]} 36. Nd2 {[%clk 00:17:06]} {[%emt 00:01:45]}
Nb5 {[%clk 00:07:04]} {[%emt 00:00:28]} 37. e5 {[%clk 00:11:28]} {[%emt
00:06:08]} Kd7 {[%clk 00:06:21]} {[%emt 00:01:13]} 38. f4 {[%clk 00:08:46]}
{[%emt 00:03:12]} Nc3+ {[%clk 00:06:03]} {[%emt 00:00:48]} 39. Nxc3 {[%clk
00:09:15]} {[%emt 00:00:02]} bxc3 {[%clk 00:06:32]} {[%emt 00:00:01]} 40. Nb1
{[%clk 00:09:33]} {[%emt 00:00:11]} c2 {[%clk 00:06:46]} {[%emt 00:00:16]} 41.
Na3 {[%clk 00:09:44]} {[%emt 00:00:19]} c4 {[%clk 00:06:09]} {[%emt 00:01:07]}
42. b4 {[%clk 00:09:40]} {[%emt 00:00:34]} Bxb4 {[%clk 00:04:03]} {[%emt
00:02:36]} 43. Nxc2 {[%clk 00:10:06]} {[%emt 00:00:04]} Be7 {[%clk 00:29:16]}
{[%emt 00:05:16]} 44. Bb6 {[%clk 00:39:57]} {[%emt 00:00:41]} Nc6 {[%clk
00:26:54]} {[%emt 00:02:50]} 45. Kxc4 {[%clk 00:38:57]} {[%emt 00:01:32]} g5
{[%clk 00:26:00]} {[%emt 00:01:23]} 46. g3 {[%clk 00:38:28]} {[%emt 00:01:00]}
gxf4 {[%clk 00:21:57]} {[%emt 00:04:32]} 47. gxf4 {[%clk 00:38:56]} {[%emt
00:00:03]} Ke6 {[%clk 00:20:33]} {[%emt 00:01:52]} 48. Ne3 {[%clk 00:38:12]}
{[%emt 00:01:15]} f6 {[%clk 00:19:15]} {[%emt 00:01:48]} 49. exf6 {[%clk
00:38:20]} {[%emt 00:00:22]} Bxf6 {[%clk 00:19:13]} {[%emt 00:00:31]} 50. Kd3
{[%clk 00:37:48]} {[%emt 00:01:02]} Ne7 {[%clk 00:18:41]} {[%emt 00:01:01]} 51.
Ke4 {[%clk 00:37:49]} {[%emt 00:00:29]} Bb2 {[%clk 00:17:29]} {[%emt 00:01:41]}
52. f5+ {[%clk 00:37:49]} {[%emt 00:00:31]} Kf7 {[%clk 00:17:24]} {[%emt
00:00:35]} 53. Bd4 {[%clk 00:36:48]} {[%emt 00:01:32]} Ba3 {[%clk 00:14:59]}
{[%emt 00:02:54]} 54. Ng4 {[%clk 00:36:32]} {[%emt 00:00:46]} Ng8 {[%clk
00:15:01]} {[%emt 00:00:28]} 55. Ne5+ {[%clk 00:35:52]} {[%emt 00:01:10]} Ke7
{[%clk 00:15:10]} {[%emt 00:00:19]} 56. Kf4 {[%clk 00:35:02]} {[%emt 00:01:21]}
Bc1+ {[%clk 00:13:17]} {[%emt 00:02:23]} 57. Be3 {[%clk 00:35:17]} {[%emt
00:00:16]} Bb2 {[%clk 00:13:20]} {[%emt 00:00:26]} 58. Bd4 {[%clk 00:35:15]}
{[%emt 00:00:33]} Bxd4 {[%clk 00:11:34]} {[%emt 00:02:16]} 59. Nc6+ {[%clk
00:35:44]} Kf6 {[%clk 00:11:52]} {[%emt 00:00:12]} 60. Nxd4 {[%clk 00:36:11]}
{[%emt 00:00:03]} Ne7 {[%clk 00:11:55]} {[%emt 00:00:26]} 61. h4 {[%clk
00:35:17]} {[%emt 00:01:25]} Nd5+ {[%clk 00:11:00]} {[%emt 00:01:25]} 62. Kg4
{[%clk 00:35:46]} {[%emt 00:00:01]} Ne3+ {[%clk 00:10:52]} {[%emt 00:00:37]}
1/2-1/2

[Event "DEM U16 2024"]
[Site "Willingen GER"]
[Date "2024.05.19"]
[Round "2"]
[White "Asmussen, Johann"]
[Black "Windmüller, Simon"]
[Result "0-1"]
[Termination "normal"]
[Board "12"]
[WhiteElo "1568"]
[BlackElo "2041"]
[WhiteClock "01:13:08"]
[BlackClock "01:24:51"]
[PlyCount "50"]
[WhiteFideId "16273486"]
[BlackFideId "16274032"]
[EventCountry "GER"]
[EventRounds "9"]
[EventType "swiss"]
[EventDate "2024.05.18"]

1. e4 {[%clk 01:30:58]} {[%emt 00:00:01]} c6 {[%clk 01:30:51]} {[%emt
00:00:09]} 2. d4 {[%clk 01:31:22]} {[%emt 00:00:06]} d5 {[%clk 01:31:14]}
{[%emt 00:00:07]} 3. Nc3 {[%clk 01:31:46]} {[%emt 00:00:06]} dxe4 {[%clk
01:31:36]} {[%emt 00:00:07]} 4. Nxe4 {[%clk 01:32:09]} {[%emt 00:00:07]} Nf6
{[%clk 01:31:57]} {[%emt 00:00:09]} 5. Nxf6+ {[%clk 01:32:30]} {[%emt
00:00:09]} exf6 {[%clk 01:32:20]} {[%emt 00:00:07]} 6. c3 {[%clk 01:32:53]}
{[%emt 00:00:07]} Bd6 {[%clk 01:32:43]} {[%emt 00:00:07]} 7. Bd3 {[%clk
01:33:09]} {[%emt 00:00:14]} O-O {[%clk 01:32:59]} {[%emt 00:00:14]} 8. Qc2
{[%clk 01:33:32]} {[%emt 00:00:06]} Re8+ {[%clk 01:33:24]} {[%emt 00:00:06]} 9.
Ne2 {[%clk 01:33:44]} {[%emt 00:00:18]} h5 {[%clk 01:33:43]} {[%emt 00:00:11]}
10. Be3 {[%clk 01:33:38]} {[%emt 00:00:35]} Nd7 {[%clk 01:34:06]} {[%emt
00:00:08]} 11. O-O-O {[%clk 01:33:38]} {[%emt 00:00:30]} Nf8 {[%clk 01:34:35]}
12. Ng3 {[%clk 01:32:43]} {[%emt 00:01:26]} g6 {[%clk 01:33:27]} {[%emt
00:01:37]} 13. h4 {[%clk 01:32:46]} {[%emt 00:00:27]} Bxg3 {[%clk 01:33:39]}
{[%emt 00:00:19]} 14. Rde1 {[%clk 01:28:05]} {[%emt 00:05:10]} Bd6 {[%clk
01:33:51]} {[%emt 00:00:18]} 15. Kb1 {[%clk 01:25:21]} {[%emt 00:03:15]} Be6
{[%clk 01:33:54]} {[%emt 00:00:26]} 16. f3 {[%clk 01:24:32]} {[%emt 00:01:19]}
Bg3 {[%clk 01:32:01]} {[%emt 00:02:22]} 17. Re2 {[%clk 01:23:59]} {[%emt
00:01:04]} Qc7 {[%clk 01:31:54]} {[%emt 00:00:37]} 18. Qd2 {[%clk 01:23:00]}
{[%emt 00:01:29]} Re7 {[%clk 01:31:02]} {[%emt 00:01:23]} 19. Bh6 {[%clk
01:21:31]} {[%emt 00:02:00]} Rae8 {[%clk 01:29:23]} {[%emt 00:02:09]} 20. f4
{[%clk 01:20:56]} {[%emt 00:01:05]} Bg4 {[%clk 01:27:30]} {[%emt 00:02:23]} 21.
Rxe7 {[%clk 01:19:45]} {[%emt 00:01:40]} Qxe7 {[%clk 01:27:46]} {[%emt
00:00:14]} 22. Bc4 {[%clk 01:15:10]} {[%emt 00:05:06]} Qe3 {[%clk 01:26:34]}
{[%emt 00:01:42]} 23. Kc2 {[%clk 01:14:02]} {[%emt 00:01:40]} Bf5+ {[%clk
01:26:11]} {[%emt 00:00:52]} 24. Bd3 {[%clk 01:14:02]} {[%emt 00:00:29]} Qxd2+
{[%clk 01:24:51]} {[%emt 00:01:49]} 25. Kxd2 {[%clk 01:13:08]} {[%emt
00:01:25]} Ne6 {[%emt 00:01:21]} 0-1

[Event "DEM U16 2024"]
[Site "Willingen GER"]
[Date "2024.05.19"]
[Round "2"]
[White "Haubold, Christian"]
[Black "Göpfert, Gregor"]
[Result "1/2-1/2"]
[Termination "normal"]
[Board "13"]
[WhiteElo "2051"]
[BlackElo "1732"]
[WhiteClock "00:00:42"]
[BlackClock "00:04:15"]
[PlyCount "91"]
[WhiteFideId "16259629"]
[BlackFideId "34603964"]
[EventCountry "GER"]
[EventRounds "9"]
[EventType "swiss"]
[EventDate "2024.05.18"]

1. e4 {[%clk 01:30:58]} {[%emt 00:00:02]} e5 {[%clk 01:30:52]} {[%emt
00:00:08]} 2. Nf3 {[%clk 01:31:22]} {[%emt 00:00:05]} Nf6 {[%clk 01:31:18]}
{[%emt 00:00:05]} 3. Nxe5 {[%clk 01:31:45]} {[%emt 00:00:07]} d6 {[%clk
01:31:39]} {[%emt 00:00:08]} 4. Nf3 {[%clk 01:32:09]} {[%emt 00:00:06]} Nxe4
{[%clk 01:32:04]} {[%emt 00:00:06]} 5. d4 {[%clk 01:32:32]} {[%emt 00:00:07]}
d5 {[%clk 01:32:29]} {[%emt 00:00:05]} 6. Bd3 {[%clk 01:32:30]} {[%emt
00:00:32]} Bd6 {[%clk 01:32:47]} {[%emt 00:00:12]} 7. c4 {[%clk 01:31:56]}
{[%emt 00:01:04]} c6 {[%clk 01:33:11]} {[%emt 00:00:06]} 8. Qc2 {[%clk
01:30:07]} {[%emt 00:02:19]} O-O {[%clk 01:26:55]} {[%emt 00:06:46]} 9. O-O
{[%clk 01:28:39]} {[%emt 00:01:58]} Na6 {[%clk 01:24:59]} {[%emt 00:02:26]} 10.
a3 {[%clk 01:26:30]} {[%emt 00:02:39]} Bg4 {[%clk 01:22:42]} {[%emt 00:02:46]}
11. Ne5 {[%clk 01:05:26]} {[%emt 00:21:34]} Bf5 {[%clk 01:22:20]} {[%emt
00:00:52]} 12. Nc3 {[%clk 00:56:40]} {[%emt 00:09:17]} Re8 {[%clk 01:06:16]}
{[%emt 00:16:33]} 13. cxd5 {[%clk 00:47:21]} {[%emt 00:09:50]} cxd5 {[%clk
01:01:41]} {[%emt 00:05:05]} 14. Nxe4 {[%clk 00:38:20]} {[%emt 00:09:31]} dxe4
{[%clk 00:50:50]} {[%emt 00:11:20]} 15. Bxe4 {[%clk 00:30:18]} {[%emt
00:08:32]} Bxe4 {[%clk 00:41:19]} {[%emt 00:10:01]} 16. Qxe4 {[%clk 00:29:57]}
{[%emt 00:00:52]} Nc5 {[%clk 00:37:41]} {[%emt 00:04:08]} 17. Qf5 {[%clk
00:26:05]} {[%emt 00:04:22]} Qc7 {[%clk 00:36:16]} {[%emt 00:01:54]} 18. Qxf7+
{[%clk 00:19:57]} {[%emt 00:06:38]} Qxf7 {[%clk 00:36:35]} {[%emt 00:00:11]}
19. Nxf7 {[%clk 00:20:23]} {[%emt 00:00:05]} Kxf7 {[%clk 00:36:33]} {[%emt
00:00:33]} 20. dxc5 {[%clk 00:20:45]} {[%emt 00:00:07]} Bxc5 {[%clk 00:36:56]}
{[%emt 00:00:06]} 21. Bf4 {[%clk 00:18:59]} {[%emt 00:02:17]} Re2 {[%clk
00:32:04]} {[%emt 00:05:21]} 22. b4 {[%clk 00:16:18]} {[%emt 00:03:11]} Bb6
{[%clk 00:31:25]} {[%emt 00:01:10]} 23. Rac1 {[%clk 00:11:56]} {[%emt
00:04:52]} Rae8 {[%clk 00:24:46]} {[%emt 00:07:08]} 24. g3 {[%clk 00:08:12]}
{[%emt 00:04:14]} Ra2 {[%clk 00:22:43]} {[%emt 00:02:33]} 25. Rc3 {[%clk
00:02:54]} {[%emt 00:05:49]} Ree2 {[%clk 00:22:10]} {[%emt 00:01:02]} 26. Rf3
{[%clk 00:02:47]} {[%emt 00:00:38]} Kg6 {[%clk 00:21:07]} {[%emt 00:01:33]} 27.
g4 {[%clk 00:02:33]} {[%emt 00:00:43]} Bd4 {[%clk 00:14:33]} {[%emt 00:07:04]}
28. Bc1 {[%clk 00:01:06]} {[%emt 00:01:58]} h6 {[%clk 00:10:42]} {[%emt
00:04:21]} 29. Kg2 {[%clk 00:00:51]} Bb6 {[%clk 00:07:30]} {[%emt 00:04:25]}
30. h3 {[%clk 00:00:46]} Bd4 {[%clk 00:07:28]} {[%emt 00:01:08]} 31. Kg3 {[%clk
00:00:54]} {[%emt 00:00:23]} Bb6 {[%clk 00:06:44]} {[%emt 00:01:13]} 32. h4
{[%clk 00:00:41]} {[%emt 00:00:43]} h5 {[%clk 00:04:20]} {[%emt 00:02:54]} 33.
gxh5+ {[%clk 00:00:46]} {[%emt 00:00:25]} Kxh5 {[%clk 00:04:36]} {[%emt
00:00:14]} 34. Rf5+ {[%clk 00:00:46]} {[%emt 00:00:31]} Kg6 {[%clk 00:04:31]}
{[%emt 00:00:35]} 35. Rf3 {[%clk 00:00:59]} {[%emt 00:00:16]} Bd4 {[%clk
00:04:15]} 36. Kg2 {[%clk 00:00:59]} Kh5 37. Kg3 {[%emt 00:00:46]} Kg6 {[%clk
00:04:15]} 38. Rf4 {[%clk 00:00:42]} Kh5 {[%clk 00:04:15]} 39. Rf5+ {[%clk
00:00:42]} Kg6 {[%clk 00:04:15]} 40. Rf4 {[%clk 00:00:42]} Kh5 {[%clk
00:04:15]} 41. Rf5+ {[%clk 00:00:42]} Kg6 {[%clk 00:04:15]} 42. Rg5+ {[%clk
00:00:42]} Kh6 {[%clk 00:04:15]} 43. Rf5+ {[%clk 00:00:42]} Kg6 {[%clk
00:04:15]} 44. Rf4 {[%clk 00:00:42]} Kh6 {[%clk 00:04:15]} 45. Rg4+ {[%clk
00:00:42]} Kh5 {[%clk 00:04:15]} 46. Rf4 {[%clk 00:00:42]} 1/2-1/2